Two Clues: 'D' Words Quiz Stats

Quiz Updated Apr 5, 2013

Challenge
Share
Tweet
Embed
Score 0/22 Timer 03:00
5 Plays Today
Two Clues 'D' Word % Correct
Poodle or collieDog
99.4%
Bambi or RudolphDeer
95.5%
Raggedy Ann or BarbieDoll
94%
Triceratops or stegosaurusDinosaur
93.6%
Bunny hop or sambaDance
93.6%
Darkwing or DonaldDuck
92.8%
Batman & Robin or Simon & GarfunkelDuo
91.2%
Apple pie or chocolate torteDessert
90.6%
Timpani or snareDrum
84.1%
John Wayne or EllingtonDuke
76.9%
Marcus Welby or Gregory HouseDoctor
76.6%
Two Clues 'D' Word % Correct
Smaug or PuffDragon
73.7%
Adams or MacArthurDouglas
71%
Swan or Reverse one and a halfDive
69.1%
Sam Spade or Kinsey MillhoneDetective
58%
Ladd or LaneDiane
57.6%
Bette or MacDavis
57%
Bogarde or NowitzkiDirk
54.6%
Vegetable or French OnionDip
54%
Muumuu or Kitty FoyleDress
46.3%
Lamour or ParkerDorothy
38.3%
Avenger or ChallengerDodge
36.1%

You're not logged in!

Compare scores with friends on all Sporcle quizzes.
Join for Free
OR
Log In

You Might Also Like...

Show Comments

Extras

Top Quizzes Today


Score Distribution

Your Account Isn't Verified!

In order to create a playlist on Sporcle, you need to verify the email address you used during registration. Go to your Sporcle Settings to finish the process.

Report this User

Report this user for behavior that violates our Community Guidelines.

Details: